| 000 | 00945nam a2200229 a 4500 | ||
|---|---|---|---|
| 001 | 000966377 | ||
| 003 | AM-YeHGA | ||
| 005 | 20250618074211.0 | ||
| 008 | 130604s2013 ai r 000 0 arm d | ||
| 020 | _a9789939558936 | ||
| 040 | _aAM-YeHGA | ||
| 041 | 0 | _aarm | |
| 100 | 1 | _aԳևորգյան, Աղասի Թորգոմի | |
| 245 | 1 | 0 |
_aՍոկրատեսն ու նրա ժամանակը : _bԴասախոսությունների տեքստ / _cԱ.Թ. Գևորգյան. |
| 260 |
_aԵրևան : _bՃարտարագետ, _c2013. |
||
| 300 | _a244 էջ. | ||
| 530 |
_aէլեկտրոնայիմն պաշարը հասանելի է ՀՊՃՀ-ի գրադարանի էլեկտրոնային ընթերցասրահում _uhttp://libsrv.seua.am/chair_publications/1888E.pdf |
||
| 504 | _aՄատենագիտ. էջ՝ 241 | ||
| 600 | 1 | 4 |
_aՍոկրատես _9424 |
| 650 | 1 | 4 |
_aՓիլիսոփայություն _vԴասախոսություն |
| 090 | _c325150 | ||
| 999 |
_c323406 _d323406 |
||